000 00384nam a22001457a 4500
008 230404b |||||||| |||| 00| 0 eng d
020 _a978-81-8495-624-5
082 _a613.7
100 _aGeorg and Brenda Feuerstein
245 _aYoga:
_bA beginner's guide
260 _bJaico Publishing House,
_c2014
300 _a118 p.
_c21.5 cm
942 _2ddc
999 _c9454
_d9455